000 00800nab a2200241 u 4500
001 13232
003 HDC
007 cr bn ---aaaaa
008 210212c my dr|nes 0 |0may
040 _aHDC
245 0 _aAudit Desk' To Make It Easier For Entry Of Halal Food Products To Indonesia
260 _a[no place] :
_b[publisher not identified],
_c[no year]
336 _atext
_2rdacontent
337 _acomputer
_2rdamedia
338 _aonline resource
_2rdacarrier
650 _aHalal food
_950
650 _aHalal industry
_9144
710 _aBernama
856 _zRequest full-text at [email protected]
942 _2lcc
942 _cNEWS
942 _kNWSO 002879
999 _c10548
_d10548